|
|
|
|
| LEADER |
00000nam a2200000 a 4500 |
| 001 |
vtls001141792 |
| 003 |
SK-MaSNL |
| 005 |
20260301233549.0 |
| 008 |
250414s1993 CS 0 cze |
| 020 |
|
|
|a 8001009629
|
| 035 |
|
|
|a SNK000084645
|
| 040 |
|
|
|a SNK
|b slo
|c SNK
|e AACR2
|
| 041 |
0 |
|
|a cze
|
| 044 |
|
|
|a [CS]
|
| 080 |
|
|
|a 669.1(075.8)
|2 1981
|
| 100 |
1 |
|
|a Plachý, Jan
|4 aut
|9 281260
|
| 245 |
1 |
0 |
|a Metalurgie a technologie slévárenských slitin. Díl 3
|c Jan Plachý, Milan Němec
|
| 250 |
|
|
|a 2. vyd.
|
| 260 |
|
|
|a Praha
|b ČVUT
|c 1993
|
| 300 |
|
|
|a 55 s.
|c 29 cm
|
| 700 |
1 |
|
|a Němec, Milan
|4 aut
|9 281261
|
| 852 |
|
|
|a Slovenská národná knižnica
|
| 919 |
|
|
|a 80-01-00962-9
|
| 954 |
|
|
|a zliatiny zlievárenské
|a metalurgia
|
| 999 |
|
|
|c 966721
|d 968651
|
| 952 |
|
|
|t P60, <04>, [BOOK], {604}
|a SNK
|b SNK
|y VYP
|7 0
|p 17A0370931
|o snkIB 68659/3
|0 0
|1 0
|4 0
|d 2003-02-03
|l 0
|r 2005-01-01 00:00:00
|w 2026-02-24
|